000 00429cam a2200181 4500
001 D8917
008 090401t1973 xxu||||| |||| 00| 0 eng d
035 _a(Sirsi) u16143
041 _aeng
050 _a380.1
100 _aSpencer, Rupert
245 _aDrama at the sale: a saleroom serenade
260 _aRetford
_bRupert Spencer
_c1973
300 _a201p. ill. 22cm
350 _a1.5
942 _n0
948 _c04/03/1997
999 _c87381
_d87381